000 00709nam a2200289Ia 4500
005 20260324143456.0
008 008 260324s9999 xx 000 0 eng d
020 _a9780367351526
037 _aEBOOK
040 _aCRL
040 _beng
040 _cCRL
041 _2eng
041 _aeng
084 _qCRL
100 _aMoshe Efrat; Jacob Bercovitch
_91215768
245 0 _aSuperpowers and Client States in the Middle East
245 4 _bThe Imbalance of Influence
260 _bTaylor and Francis
260 _c1991
365 _a
365 _b230
856 _uhttp://www.taylorfrancis.com/books/9780367351526
942 _cEBOOK
999 _c1821217
_d1821217